Pascual Madoz 1805-1870 : (Record n. 8809)
[ formato base ]
| 000 -LEADER | |
|---|---|
| fixed length control field | 00870nam a2200229 i 4500 |
| 003 - CONTROL NUMBER IDENTIFIER | |
| control field | IT-RoINE |
| 005 - DATE AND TIME OF LATEST TRANSACTION | |
| control field | 20230202113351.0 |
| 008 - FIXED-LENGTH DATA ELEMENTS--GENERAL INFORMATION | |
| fixed length control field | 090703s1991 sp r 000 0 spa d |
| 040 ## - CATALOGING SOURCE | |
| Original cataloging agency | ES-MaCSI |
| Transcribing agency | IT-RoINE |
| Modifying agency | IT-RoINE |
| 100 ## - MAIN ENTRY--PERSONAL NAME | |
| Personal name | Paredes Alonso, Francisco Javier |
| 9 (RLIN) | 16384 |
| 245 10 - TITLE STATEMENT | |
| Title | Pascual Madoz 1805-1870 : |
| Remainder of title | Libertad y progreso en la Monarquía Isabelina / |
| Statement of responsibility, etc | Francisco Javier Paredes Alonso. |
| 260 ## - PUBLICATION, DISTRIBUTION, ETC. (IMPRINT) | |
| Place of publication, distribution, etc | Pamplona : |
| Name of publisher, distributor, etc | Ediciones Universidad de Navarra, |
| Date of publication, distribution, etc | 1991. |
| 300 ## - PHYSICAL DESCRIPTION | |
| Extent | 574 p. ; |
| Dimensions | 22 cm. |
| 336 ## - CONTENT TYPE | |
| Source | rdacontent |
| Content type term | text |
| 337 ## - MEDIA TYPE | |
| Source | rdamedia |
| Media type term | unmediated |
| 338 ## - CARRIER TYPE | |
| Source | rdacarrier |
| Carrier type term | volume |
| 490 1# - SERIES STATEMENT | |
| Series statement | Universidad de Navarra. |
| -- | Colección histórica ; |
| Volume number/sequential designation | 37 |
| 600 04 - SUBJECT ADDED ENTRY--PERSONAL NAME | |
| 9 (RLIN) | 13614 |
| Personal name | Madoz, Pascual, |
| Dates associated with a name | 1806-1870 |
| 651 #4 - SUBJECT ADDED ENTRY--GEOGRAPHIC NAME | |
| Geographic name | España |
| General subdivision | Historia |
| Chronological subdivision | 1843-1868 (Isabel II) |
| 9 (RLIN) | 7148 |
| 830 #0 - SERIES ADDED ENTRY--UNIFORM TITLE | |
| Uniform title | Colección histórica (Universidad de Navarra) ; |
| 9 (RLIN) | 13605 |
| Volume number/sequential designation | 37 |
| 942 ## - ADDED ENTRY ELEMENTS (KOHA) | |
| Item type | Monografías |
| Withdrawn status | Lost status | Damaged status | Not for loan | Home library | Current library | Date acquired | Total Checkouts | Full call number | Barcode | Date last seen | Price effective from | Koha item type |
|---|---|---|---|---|---|---|---|---|---|---|---|---|
| Iglesia Nacional Española en Roma | Iglesia Nacional Española en Roma | 13/04/2015 | COL.B 32.37 | 12170 | 13/04/2015 | 13/04/2015 | Monografías |